現地語表記から国名(ラテン文字) - Statistics

General Stats
  • This quiz has been taken 181 times
  • The average score is 13 of 20
Answer Stats
Hint Answer % Correct
5 Canada カナダ(英語)
99%
3 Republika ng Pilipinas フィリピン(タガログ語)
95%
9 Jamhuri ya Uganda ウガンダ(スワヒリ語)
95%
13 Independen Stet bilong Papua Niugini パプアニューギニア(トクピシン)
90%
4 Cộng hòa xã hội chủ nghĩa Việt Nam ベトナム(ベトナム語)
89%
12 Azərbaycan Respublikası アゼルバイジャン(アゼルバイジャン語)
89%
1 IRiphabliki yaseMzantsi Afrika 南アフリカ(コサ語)
86%
10 Status Civitatis Vaticanae バチカン市国(ラテン語)
86%
16 Namibia ye Lukuluhile ナミビア(ロジ語)
86%
14 Republika Demokratika Timor Lorosa'e 東ティモール(テトゥン語)
75%
6 Groussherzogtum Lëtzebuerg ルクセンブルク(ルクセンブルク語)
67%
7 Suomen tasavalta フィンランド(フィンランド語)
62%
11 Magyarország ハンガリー(マジャル語)
46%
17 Repubrikin Naoero ナウル(ナウル語)
44%
2 Konungariket Sverige スウェーデン(スウェーデン語)
42%
19 Ayiti ハイチ(ハイチ語)
40%
15 Republika e Shqipërisë アルバニア(アルバニア語)
20%
20 Wááshindoon Bikéyah Ałhidadiidzooígíí アメリカ合衆国(ナバホ語)
19%
8 Teyrnas Gyfunol Prydain Fawr a Gogledd Iwerddon イギリス(ウェールズ語)
16%
18 Aolepān Aorōkin M̧ajeļ マーシャル諸島(マーシャル語)
14%
No matching quizzes found
Score Distribution
Percent of People with Each Score
Percentile by Number Answered
Your Score History
You have not taken this quiz